LEADER 01006nam a2200217 i 4500 001 000000211745 003 CaOOAMICUS 005 20120313000000.0 008 120313s1892 it u000 u ita u 013 $a190558 040 $aSeMil$bita 100 1 $aMancini, Diocleziano.$0(OLS)http://semarc/name/75594 245 10$aPercy Bysshe Shelley :$bnote biografiche, con una scelta di liriche tradotte in italiano /$cDiocleziano Mancini. 260 $aCittą di Castello :$bTip. dello stab. S. Lapi,$c1892. 300 $a62 p. ;$c19 cm. 600 14$aShelley, Percy Bysshe <1792-1822>.$0(OLS)http://semarc/subject/39452 850 $aSeMil 852 $aSeMil$W1$xVenegono$y1$m1V IV 66 FA$j162184$B162184$CSeMilBibl$Z2$F173474 $8I 961 $aLascito: Galli Emilio, prof. 996 $6245$aPercy Bysshe Shelley :$bnote biografiche, con una scelta di liriche tradotte in italiano$9(OLS)http://semarc/title/305790 996 $6260$aCittą di Castello :$bTip. dello stab. S. Lapi$9(OLS)http://semarc/publisher/52592 LEADER 00848nam a2200229 i 4500 001 000000033512 003 CaOOAMICUS 005 20180830125450.0 008 180830s1850 sz u000 u und u 040 $aSeMil$bita 100 1 $aLamartine, Alphonse : de,$d<1790-1869>.$0(OLS)http://semarc/name/4379 245 10$aHistoire des Girondins /$cpar A. De Lamartine. 260 $aLausanne :$bImprimerie Suisse,$c1850. 300 $a5 v. ;$c19 cm. 650 4$aRivoluzione francese <1789-1799>.$0(OLS)http://semarc/subject/1257 774 0 $tTome 1.$g1$w()79007 774 0 $tTome 4.$g4$w()253360 774 0 $tTome 2.$g2$w()253361 774 0 $tTome 3.$g3$w()253362 774 0 $tTome 5.$g5$w()253364 996 $6245$aHistoire des Girondins$9(OLS)http://semarc/title/402071 996 $6260$aLausanne :$bImprimerie Suisse$9(OLS)http://semarc/publisher/56196